| 000 | 01128cam a2200361 i 4500 | ||
|---|---|---|---|
| 999 |
_c200442617 _d60829 |
||
| 001 | 200442617 | ||
| 003 | TR-AnTOB | ||
| 005 | 20230809165717.0 | ||
| 007 | ta | ||
| 008 | 000917s1998 tu b 000 0 tur | ||
| 010 | _a 00376954 | ||
| 035 | _a(DLC) 00376954 | ||
| 035 | _a(TR-AnTOB)200442617 | ||
| 040 |
_aDLC _beng _erda _cDLC _dTR-AnTOB |
||
| 041 | 0 | _atur | |
| 043 | _aa-tu--- | ||
| 050 | 0 | 0 |
_aTN967 _b.M56 1998 |
| 090 |
_aTN967 _b.M56 1998 |
||
| 245 | 0 | 0 |
_aMermer araştırması / _chazırlayanlar, Mualla Bilgin, Elif Çakır. |
| 264 | 1 |
_a[İstanbul] : _bİstanbul Ticaret Odası, _c[1998] |
|
| 300 |
_a125 pages ; _c23 cm |
||
| 336 |
_atext _btxt _2rdacontent |
||
| 337 |
_aunmediated _bn _2rdamedia |
||
| 338 |
_avolume _bnc _2rdacarrier |
||
| 490 | 0 |
_aYayın / İstanbul Ticaret Odası ; _vno. 1998-1. |
|
| 650 | 7 |
_aMermer _zTürkiye _2etuturkob _9131891 |
|
| 650 | 7 |
_aMermer endüstrisi ve ticareti _zTürkiye _2etuturkob _9131892 |
|
| 700 | 1 |
_aBilgin, Mualla _eeditor _9131893 |
|
| 700 | 1 |
_aÇakır, Elif _eeditor _9131894 |
|
| 942 |
_2lcc _cBK |
||